<?xml version="1.0" encoding="UTF-8"?>
<record
    xmlns:xsi="http://www.w3.org/2001/XMLSchema-instance"
    xsi:schemaLocation="http://www.loc.gov/MARC21/slim http://www.loc.gov/standards/marcxml/schema/MARC21slim.xsd"
    xmlns="http://www.loc.gov/MARC21/slim">

  <leader>00702cam a2200229 a 4500</leader>
  <controlfield tag="001">TB12012</controlfield>
  <controlfield tag="003">IN-BhIIT</controlfield>
  <controlfield tag="005">20260121150515.0</controlfield>
  <controlfield tag="008">940216s1994    maua     b    001 0 eng  </controlfield>
  <datafield tag="020" ind1=" " ind2=" ">
    <subfield code="a">9780262650403 (pbk.)</subfield>
  </datafield>
  <datafield tag="040" ind1=" " ind2=" ">
    <subfield code="a">IN-BhIIT</subfield>
  </datafield>
  <datafield tag="041" ind1=" " ind2=" ">
    <subfield code="a">eng.</subfield>
  </datafield>
  <datafield tag="082" ind1="0" ind2="0">
    <subfield code="a">519.3</subfield>
    <subfield code="b">OSB/C</subfield>
  </datafield>
  <datafield tag="100" ind1="1" ind2=" ">
    <subfield code="a">Osborne, Martin J.</subfield>
    <subfield code="e">Author</subfield>
    <subfield code="9">23068</subfield>
  </datafield>
  <datafield tag="245" ind1="1" ind2="2">
    <subfield code="a">A course in game theory /</subfield>
    <subfield code="c">by Martin J. Osborne and Ariel Rubinstein.</subfield>
  </datafield>
  <datafield tag="260" ind1=" " ind2=" ">
    <subfield code="a">Cambridge, Mass. :</subfield>
    <subfield code="b">MIT Press,</subfield>
    <subfield code="c">c1994.</subfield>
  </datafield>
  <datafield tag="300" ind1=" " ind2=" ">
    <subfield code="a">xv, 352 p. :</subfield>
    <subfield code="b">ill. ;</subfield>
    <subfield code="c">24 cm.</subfield>
  </datafield>
  <datafield tag="504" ind1=" " ind2=" ">
    <subfield code="a">Includes bibliographical references and index.</subfield>
  </datafield>
  <datafield tag="650" ind1=" " ind2="0">
    <subfield code="a">Game theory.</subfield>
    <subfield code="9">3582</subfield>
  </datafield>
  <datafield tag="700" ind1="1" ind2=" ">
    <subfield code="a">Rubinstein, Ariel.</subfield>
    <subfield code="e">Joint author</subfield>
    <subfield code="9">24971</subfield>
  </datafield>
  <datafield tag="942" ind1=" " ind2=" ">
    <subfield code="c">TB</subfield>
    <subfield code="0">3</subfield>
  </datafield>
  <datafield tag="999" ind1=" " ind2=" ">
    <subfield code="c">14533</subfield>
    <subfield code="d">14533</subfield>
  </datafield>
  <datafield tag="952" ind1=" " ind2=" ">
    <subfield code="0">0</subfield>
    <subfield code="1">0</subfield>
    <subfield code="2">ddc</subfield>
    <subfield code="4">0</subfield>
    <subfield code="7">0</subfield>
    <subfield code="8">SES</subfield>
    <subfield code="a">CLIITBBS</subfield>
    <subfield code="b">CLIITBBS</subfield>
    <subfield code="d">2024-12-10</subfield>
    <subfield code="e">22</subfield>
    <subfield code="g">3392.27</subfield>
    <subfield code="l">0</subfield>
    <subfield code="o">519.3 OSB/C</subfield>
    <subfield code="p">TB12014</subfield>
    <subfield code="r">2024-12-10 00:00:00</subfield>
    <subfield code="v">4646.95</subfield>
    <subfield code="w">2024-12-10</subfield>
    <subfield code="y">TB</subfield>
  </datafield>
  <datafield tag="952" ind1=" " ind2=" ">
    <subfield code="0">0</subfield>
    <subfield code="1">0</subfield>
    <subfield code="2">ddc</subfield>
    <subfield code="4">0</subfield>
    <subfield code="7">0</subfield>
    <subfield code="8">SES</subfield>
    <subfield code="a">CLIITBBS</subfield>
    <subfield code="b">CLIITBBS</subfield>
    <subfield code="d">2024-12-10</subfield>
    <subfield code="e">22</subfield>
    <subfield code="g">3392.27</subfield>
    <subfield code="l">0</subfield>
    <subfield code="o">519.3 OSB/C</subfield>
    <subfield code="p">TB12015</subfield>
    <subfield code="r">2024-12-10 00:00:00</subfield>
    <subfield code="v">4646.95</subfield>
    <subfield code="w">2024-12-10</subfield>
    <subfield code="y">TB</subfield>
  </datafield>
  <datafield tag="952" ind1=" " ind2=" ">
    <subfield code="0">0</subfield>
    <subfield code="1">0</subfield>
    <subfield code="2">ddc</subfield>
    <subfield code="4">0</subfield>
    <subfield code="7">0</subfield>
    <subfield code="8">SES</subfield>
    <subfield code="a">CLIITBBS</subfield>
    <subfield code="b">CLIITBBS</subfield>
    <subfield code="d">2024-12-10</subfield>
    <subfield code="e">22</subfield>
    <subfield code="g">3392.27</subfield>
    <subfield code="l">0</subfield>
    <subfield code="o">519.3 OSB/C</subfield>
    <subfield code="p">TB12012</subfield>
    <subfield code="r">2024-12-10 00:00:00</subfield>
    <subfield code="v">4646.95</subfield>
    <subfield code="w">2024-12-10</subfield>
    <subfield code="y">RES</subfield>
  </datafield>
  <datafield tag="952" ind1=" " ind2=" ">
    <subfield code="0">0</subfield>
    <subfield code="1">0</subfield>
    <subfield code="2">ddc</subfield>
    <subfield code="4">0</subfield>
    <subfield code="7">0</subfield>
    <subfield code="8">SES</subfield>
    <subfield code="a">CLIITBBS</subfield>
    <subfield code="b">CLIITBBS</subfield>
    <subfield code="d">2024-12-10</subfield>
    <subfield code="e">22</subfield>
    <subfield code="g">3392.27</subfield>
    <subfield code="l">1</subfield>
    <subfield code="m">2</subfield>
    <subfield code="o">519.3 OSB/C</subfield>
    <subfield code="p">TB12016</subfield>
    <subfield code="r">2026-04-21 16:52:25</subfield>
    <subfield code="s">2025-12-04</subfield>
    <subfield code="v">4646.95</subfield>
    <subfield code="w">2024-12-10</subfield>
    <subfield code="y">TB</subfield>
  </datafield>
  <datafield tag="952" ind1=" " ind2=" ">
    <subfield code="0">0</subfield>
    <subfield code="1">0</subfield>
    <subfield code="2">ddc</subfield>
    <subfield code="4">0</subfield>
    <subfield code="7">0</subfield>
    <subfield code="8">SES</subfield>
    <subfield code="a">CLIITBBS</subfield>
    <subfield code="b">CLIITBBS</subfield>
    <subfield code="d">2024-12-10</subfield>
    <subfield code="e">22</subfield>
    <subfield code="g">3392.27</subfield>
    <subfield code="l">1</subfield>
    <subfield code="o">519.3 OSB/C</subfield>
    <subfield code="p">TB12013</subfield>
    <subfield code="r">2026-03-24 15:48:02</subfield>
    <subfield code="s">2026-01-21</subfield>
    <subfield code="v">4646.95</subfield>
    <subfield code="w">2024-12-10</subfield>
    <subfield code="y">TB</subfield>
  </datafield>
  <datafield tag="952" ind1=" " ind2=" ">
    <subfield code="0">0</subfield>
    <subfield code="1">0</subfield>
    <subfield code="2">ddc</subfield>
    <subfield code="4">0</subfield>
    <subfield code="7">0</subfield>
    <subfield code="8">SES</subfield>
    <subfield code="a">CLIITBBS</subfield>
    <subfield code="b">CLIITBBS</subfield>
    <subfield code="d">2024-12-10</subfield>
    <subfield code="e">22</subfield>
    <subfield code="g">3392.27</subfield>
    <subfield code="l">1</subfield>
    <subfield code="o">519.3 OSB/C</subfield>
    <subfield code="p">TB12017</subfield>
    <subfield code="r">2025-05-23 12:40:33</subfield>
    <subfield code="s">2025-03-21</subfield>
    <subfield code="v">4646.95</subfield>
    <subfield code="w">2024-12-10</subfield>
    <subfield code="y">TB</subfield>
  </datafield>
</record>
